Domestic animal physiology (Record no. 9260)
[ view plain ]
| 000 -LEADER | |
|---|---|
| fixed length control field | 00301nam a22001217a 4500 |
| 040 ## - CATALOGING SOURCE | |
| Transcribing agency | HS |
| 082 ## - DEWEY DECIMAL CLASSIFICATION NUMBER | |
| Classification number | 591 |
| 100 ## - MAIN ENTRY--AUTHOR NAME | |
| Personal name | គឹមសាន សុភ័ណ្ឌ |
| 245 ## - TITLE STATEMENT | |
| Title | Domestic animal physiology |
| 260 ## - PUBLICATION, DISTRIBUTION, ETC. (IMPRINT) | |
| Place of publication | RUA |
| Name of publisher | គឹមសាន សុភ័ណ្ឌ |
| Year of publication | 2011 |
| 300 ## - PHYSICAL DESCRIPTION | |
| Number of Pages | 129p; |
| 942 ## - ADDED ENTRY ELEMENTS (KOHA) | |
| Koha item type | សៀវភៅភាសាខ្មែរ |
| 952 ## - LOCATION AND ITEM INFORMATION (KOHA) | |
| Withdrawn status [LOCAL, KOHA] | 0 |
| 952 ## - LOCATION AND ITEM INFORMATION (KOHA) | |
| Withdrawn status [LOCAL, KOHA] | 0 |
| Permanent Location | Date acquired | Koha item type | Lost status | Shelving location | Barcode | Current Location | Full call number |
|---|---|---|---|---|---|---|---|
| Library Block C | 2016-08-29 | សៀវភៅភាសាខ្មែរ | C172 | RUA046400 | Library Block C | 591 គឹមសាន 2011 C172 | |
| Library Block C | 2016-09-19 | សៀវភៅភាសាខ្មែរ | C161 | RUA41733 | Library Block C | 591 គឹម 2011 C161 |